| 000 | 01239nam a2200385Ma 4500 | ||
|---|---|---|---|
| 001 | on1170035161 | ||
| 003 | OCoLC | ||
| 005 | 20200911011733.0 | ||
| 006 | m o d | ||
| 007 | cr ||||||||||| | ||
| 008 | 100519s2010 enk o ||1 0 eng d | ||
| 040 |
_aLUN _beng _erda _cLUN |
||
| 020 |
_a9780511779848 _q(ebook) |
||
| 020 | _a0511779844 | ||
| 020 |
_a9780521768450 _q(hardback) |
||
| 020 | _a0521768454 | ||
| 020 |
_a9781107627789 _q(paperback) |
||
| 020 | _a1107627788 | ||
| 035 | _a(OCoLC)1170035161 | ||
| 050 | 0 | 0 |
_aKZ3910 _b.P67 2010 |
| 082 | 0 | 4 |
_a346.01/2 _222 |
| 049 | _aTZAA | ||
| 100 | 1 |
_aPortmann, Roland, _eauthor. |
|
| 245 | 1 | 0 |
_aLegal Personality in International Law / _cRoland Portmann. |
| 264 | 1 |
_aCambridge : _bCambridge University Press, _c2010. |
|
| 300 | _a1 online resource (362 pages). | ||
| 336 |
_atext _btxt _2rdacontent |
||
| 337 |
_acomputer _bc _2rdamedia |
||
| 338 |
_aonline resource _bcr _2rdacarrier |
||
| 490 | 1 |
_aCambridge Studies in International and Comparative Law ; _vno. 70 |
|
| 650 | 0 | _aPersons (International law) | |
| 830 | 0 |
_aCambridge studies in international and comparative law ; _vno. 70. |
|
| 856 | 4 | 0 | _uhttp://dx.doi.org/10.1017/CBO9780511779848 |
| 994 |
_aC0 _bTZACH |
||
| 999 |
_c5961 _d5961 |
||